Сто лет одиночества (Запись № 1266351)

Подробности
000 -МАРКЕР
контрольное поле 01572nam0a2200301 4500
001 - ИДЕНТИФИКАТОР ЗАПИСИ
контрольное поле RU\NLR\bibl\826310
005 - ИДЕНТИФИКАТОР ВЕРСИИ
контрольное поле 20260406124820.0
010 ## - МЕЖДУНАРОДНЫЙ СТАНДАРТНЫЙ НОМЕР КНИГИ (ISBN)
Номер (ISBN) 5-224-05058-8
Тираж 3000
021 ## - НОМЕР ГОСУДАРСТВЕННОЙ РЕГИСТРАЦИИ
Код страны Российская Федерация
Номер 2005-33766
Номер Листа государственной регистраци 1693
035 ## - ДРУГИЕ СИСТЕМНЫЕ НОМЕРА
Идентификатор записи (NLR Aleph) 000815207
100 ## - ДАННЫЕ ОБЩЕЙ ОБРАБОТКИ
Данные общей обработки 20050801d2005 |||y0rusy50 ca
101 1# - ЯЗЫК РЕСУРСА
Язык текста, звукозаписи и т.д. русский
Язык оригинала испанский, кастильский испанский
102 ## - СТРАНА ПУБЛИКАЦИИ ИЛИ ПРОИЗВОДСТВА
Страна публикации Российская Федерация
105 ## - ПОЛЕ КОДИРОВАННЫХ ДАННЫХ: ТЕКСТОВЫЕ МАТЕРИАЛЫ, МОНОГРАФИЧЕСКИЕ
Кодированные данные о монографическом текстовом документе y |||||||||
200 1# - ЗАГЛАВИЕ И СВЕДЕНИЯ ОБ ОТВЕТСТВЕННОСТИ
Основное заглавие Сто лет одиночества
Сведения, относящиеся к заглавию [роман, повести, рассказы
-- пер. с исп.]
Первые сведения об ответственности Габриель Гарсия Маркес
210 ## - ПУБЛИКАЦИЯ, РАСПРОСТРАНЕНИЕ И ДР.
Место издания, распространения и т.д. Москва
Имя издателя, распространителя и т. д. Олма-пресс
Дата издания, распространения и т.д. 2005
215 ## - ФИЗИЧЕСКАЯ ХАРАКТЕРИСТИКА
Специфическое обозначение материала и объем 375, [2] с.
Размеры 27
225 1# - СЕРИЯ
Основное заглавие серии Библиотека мировой литературы
327 1# - ПРИМЕЧАНИЯ О СОДЕРЖАНИИ
Текст примечания Содерж.: Рассказы: Ева внутри своей кошки; Похороны Великой Мамы; Диалог с зеркалом; Женщина, которая приходила ровно в шесть; Огорчение для троих сомнамбул; Повести: Полковнику никто не пишет; Невероятная и грустная история о простодушной Эрендире и ее жестокосердой бабке; Сто лет одиночества: роман
686 ## - ИНДЕКСЫ ДРУГИХ КЛАССИФИКАЦИЙ
Индекс Ш6(7Кл)07-4{Лх1820}
700 #1 - ИМЯ ЛИЦА - ПЕРВИЧНАЯ ОТВЕТСТВЕННОСТЬ
Код отношения Автор
Материалы, к которым относится поле rus
Графика поля Кириллица
Начальный элемент ввода Гарсиа Маркес
Часть имени, кроме начального элемента ввода Г.
Даты 1928-2014
Расширение инициалов личного имени Габриэль
Идентификатор авторитетной/нормативной записи RU\NLR\AUTH\771267
Системный номер авторитетной/нормативной записи 111295
801 #0 - ИСТОЧНИК ЗАПИСИ
Страна Российская Федерация
Организация NLR
Дата составления 20050801
Правила каталогизации rcr
801 #1 - ИСТОЧНИК ЗАПИСИ
Страна Российская Федерация
Организация NLR
Дата составления 20050801
942 ## - ДОПОЛНИТЕЛЬНЫЕ ЭЛЕМЕНТЫ ЗАПИСИ (АБИС)
Тип экземпляра АБИС Книга
980 ## - КОЛЛЕКЦИЯ
Название коллекции Национальная библиография
Экземпляры
Тип экземпляра Дата поступления Источник поступления Библиотека постоянного хранения Библиотека текущего хранения Место хранения Шифр хранения Штрих-код Статус экземпляра Стоимость
Книга 01.08.2005 Обязательный экземпляр РНБ (Московский) РНБ (Московский) Русский книжный фонд: издания с 1957 года 2005-7/3675 1-407545    
Книга 01.08.2005 Обязательный экземпляр РНБ (Московский) РНБ (Московский) Русский книжный фонд: издания с 1957 года 2005-7/3675 967093    
Книга 11.11.2005 Покупка РНБ (Московский) РНБ (Московский) Фонд общего зала литературы по филологии, педагогике и искусству (гуманитарной литературы) Л1 Ш6(70)/Г-212 1-1923437   156.75
Книга 11.11.2005 Покупка РНБ (Садовая) РНБ (Садовая) Фонд научного зала литературы и искусства Л2 Ш6(7Кл)/Г-212 1-220051   156.75